Coalitions in parliamentary government (Record no. 468)
[ view plain ]
| 000 -LEADER | |
|---|---|
| fixed length control field | 00515nam a2200169Ia 4500 |
| 008 - FIXED-LENGTH DATA ELEMENTS--GENERAL INFORMATION | |
| fixed length control field | 240428s9999||||xx |||||||||||||| ||und|| |
| 020 ## - INTERNATIONAL STANDARD BOOK NUMBER | |
| International Standard Book Number | 9780691617152 |
| 041 ## - LANGUAGE CODE | |
| Language code of text/sound track or separate title | eng |
| 082 ## - DEWEY DECIMAL CLASSIFICATION NUMBER | |
| Classification number | 321.8D |
| 100 ## - MAIN ENTRY--PERSONAL NAME | |
| Personal name | Dodd L. |
| 245 #0 - TITLE STATEMENT | |
| Title | Coalitions in parliamentary government |
| 260 ## - PUBLICATION, DISTRIBUTION, ETC. | |
| Name of publisher, distributor, etc. | Princeton University Press |
| Place of publication, distribution, etc. | princeton, new jersey |
| Date of publication, distribution, etc. | 1976 |
| 300 ## - PHYSICAL DESCRIPTION | |
| Extent | xx, 283p, tabs, illus |
| 650 ## - SUBJECT ADDED ENTRY--TOPICAL TERM | |
| Topical term or geographic name entry element | Cabinet system. - Coalition governments. - POLITICAL SCIENCE -- Political Ideologies -- Democ |
| 942 ## - ADDED ENTRY ELEMENTS (KOHA) | |
| Koha item type | Books |
| Withdrawn status | Lost status | Damaged status | Not for loan | Home library | Current library | Shelving location | Date acquired | Total checkouts | Full call number | Date last seen | Copy number | Price effective from | Koha item type |
|---|---|---|---|---|---|---|---|---|---|---|---|---|---|
| Main Library | Main Library | Open Shelves | 10/01/2022 | 321.8D 1132 C2 | 29/04/2024 | 1 | 29/04/2024 | Books |